000 01657nam a22004337a 4500
003 CHAP
005 20220329143313.0
008 080414d2007 mx r 00110 spa d
010 _a94695
011 _a95667
035 _a106296
040 _cCHAP
090 _aTesis
100 1 _aArenales Sierra, Irene Margarita
_96946
245 1 0 _aEstudio comparativo de la calidad de frijol (Phaseolus vulgaris L.) variedad Jamapa y Michigan
_c/por Irene Margarita Arenales Sierra
260 _aChapingo, Méx. :
_bEl autor,
_c2007
300 _a74 h. :
_bilus. ; gráfs. ; cuadros
502 _aTesis (Ing. Agroindustrial) -- UACH. Departamento de Ingeniería Agroindutrial
530 _aTambién disponible en línea
590 _aALEPH
_b10
_c20130110
_lUCH01
_h1522
590 _aBATCH-UPD
_b10
_c20130110
_lUCH01
_h0420
590 _aBATCH-UPD
_b10
_c20130410
_lUCH01
_h0055
590 _aBATCH-UPD
_b10
_c20130914
_lUCH01
_h0354
590 _aBATCH-UPD
_b10
_c20140324
_lUCH01
_h1506
590 _aBATCH-UPD
_b10
_c20141002
_lUCH01
_h0836
590 _aBATCH
_b00
_c20181121
_lUCH01
_h0758
590 _aCONVERSION
_b10
_c20130109
_lUCH01
_h1352
650 1 4 _aFrijol negro.
_943474
650 1 4 _aFrijol
_xCalidad.
_943340
650 1 4 _aFrijol
_xConsumo.
_943351
650 1 4 _aFrijol
_xFisiología y morfología.
_943380
650 1 4 _aFrijol
_xVariedades.
_943446
856 _3Finding aid
_uhttp://10.13.5.2/tesis/106296.pdf
_zTeclea aqui
856 _a1
_n0000493
901 _aBK
942 _cFOLL
949 _aTesis
_bBC
_cTES
_d33724002059637
_eTS2
_fc.2
_gDonaciØn
_h47601
_i106296
_sb
949 _aTesis
_bBC
_cTES
_d33724002059793
_eTS1
_gDonaciØn
_h47600
_i106296
_sb
999 _c94695
_d94695